| 000 | 01271nam0a22002891 4500 | ||
|---|---|---|---|
| 001 | rc\4212529 | ||
| 005 | 20250611133612.0 | ||
| 021 |
_aRU _b[54-58338] |
||
| 035 | _a(NLR Aleph) 008209828 | ||
| 090 |
_a8089640 _c8089640 |
||
| 100 | _a20130415d1954 |||y0rusy50 ca | ||
| 101 | 0 | _arus | |
| 102 | _aRU | ||
| 105 | _aa z ||||| | ||
| 200 | 1 |
_aОписание многотомных изданий _fПод ред. В.Ф. Сахарова _gМ-во культуры РСФСР. Ленингр. гос. библ. ин-т им. Н.К. Крупской |
|
| 210 |
_aМосква _cГоскультпросветиздат _d1954 |
||
| 215 |
_a40 с. _cил. _d22 |
||
| 225 | 1 | _aЛекции для студентов заочного отделения по курсу "Библиотечные каталоги" | |
| 606 |
_aМноготомные издания произведений печати _xБиблиографическое описание _2psbo |
||
| 700 | 1 |
_7ca _8rus _aФирсов _bГ. Г. _f1902-1990 _gГеоргий Гаврилович _9217534 _3RU\NLR\AUTH\770217590 |
|
| 702 | 1 |
_aСахаров _bВ.Ф. _4340 |
|
| 801 | 0 |
_aRU _bNLR _gpsbo |
|
| 801 | 1 |
_aRU _bELAR _2rusmarc |
|
| 852 |
_aNLR _jБ 7350/Ф627 |
||
| 942 | _cBOOK | ||
| 980 | _aNB | ||